Violencia y juventud: un enfoque de derechos: la criminalización de los grupos juveniles /
Guardat en:
| Autor principal: | |
|---|---|
| Format: | Text |
| Matèries: | |
| Etiquetes: |
Afegir etiqueta
Sense etiquetes, Sigues el primer a etiquetar aquest registre!
|
MARC
| LEADER | 00000 a a2200000 04500 | ||
|---|---|---|---|
| 001 | 16857 | ||
| 003 | |||
| 040 | |||
| 100 | |a Víquez Jiménez, Mario | ||
| 245 | |a Violencia y juventud: |b un enfoque de derechos: la criminalización de los grupos juveniles / |c Mario Víquez Jiménez | ||
| 650 | |a JUVENTUD | ||
| 650 | |a DERECHOS HUMANOS | ||
| 650 | |a VIOLENCIA | ||
| 650 | |a AMERICA CENTRAL | ||
| 773 | |g volumen 13, número 1; páginas 325-343 | ||
| 999 | |c 25000 |d 25000 | ||
